000 00929nam a2200241Ia 4500
003 OSt
005 20250908142714.0
008 221004b |||||||| |||| 00| 0 hin d
020 _a9789350000205 (hbk)
037 _cTB
040 _aCRL
_cCRL
_bhin
041 _2hin
_ahin
084 _aO152,1H50,11:g J5;N9
_qCRL
100 _aशिवप्रसाद सिंह
_9820284
245 0 _aकीर्तिलता और अवहट्ठ भाषा
246 _aKīrtilatā aur avahaṭṭha bhāṣhā
250 _a4 संस्करण
260 _aनई दिल्ली
_bवाणी प्रकाशन भारत
_c2009
300 _a381पृ0
_ccm.
650 _aहिन्दी साहित्य
_9820285
942 _hO152,1H50,11:g J5;N9
_cTB
_2cc
_n0
999 _c1021065
_d1021065